Countries With 0.000 - 0.599 HDI (3rd World Countries) - Statistics

General Stats
  • This quiz has been taken 157 times
  • The average score is 37 of 45
Answer Stats
HDI Country % Correct
0.433 South Sudan
95%
0.394 Niger
94%
0.51 Sudan
94%
0.433 Burundi
91%
0.48 DR Congo
90%
0.539 Nigeria
90%
0.574 Republic of the Congo
88%
0.434 Mali
87%
0.543 Rwanda
87%
0.477 Guinea
86%
0.456 Mozambique
86%
0.515 Togo
86%
0.571 Zimbabwe
86%
0.581 Angola
85%
0.545 Benin
85%
0.527 Lesotho
85%
0.512 Senegal
85%
0.496 Gambia
84%
0.567 Syria
84%
0.529 Tanzania
84%
0.584 Zambia
84%
0.398 Chad
83%
0.511 Afghanistan
82%
0.485 Ethiopia
82%
0.538 Ivory Coast
82%
0.48 Liberia
82%
0.544 Uganda
82%
0.452 Burkina Faso
81%
0.459 Eritrea
81%
0.47 Yemen
81%
0.563 Cameroon
80%
0.397 Central African Republic
80%
0.483 Malawi
80%
0.546 Mauritania
80%
0.524 Djibouti
79%
0.452 Sierra Leone
79%
0.51 Haiti
78%
0.528 Madagascar
77%
0.592 Equatorial Guinea
76%
0.557 Pakistan
75%
0.583 Myanmar
71%
0.554 Comoros
70%
0.594 Cambodia
64%
0.555 Papua New Guinea
63%
0.567 Solomon Islands
52%
No matching quizzes found
Score Distribution
Percent of People with Each Score
Percentile by Number Answered
Your Score History
You have not taken this quiz